Youth and dissent; (Record no. 616226)

000 -LEADER
fixed length control field 01096cam a2200337 4500
001 - CONTROL NUMBER
control field 1240932
005 - DATE AND TIME OF LATEST TRANSACTION
control field 20260216161723.0
008 - FIXED-LENGTH DATA ELEMENTS--GENERAL INFORMATION
fixed length control field 711103s1971 nyu 000 0 eng
010 ## - LIBRARY OF CONGRESS CONTROL NUMBER
LC control number 71160404
020 ## - INTERNATIONAL STANDARD BOOK NUMBER
International Standard Book Number 0151998906
020 ## - INTERNATIONAL STANDARD BOOK NUMBER
International Standard Book Number 9780151998906
035 ## - SYSTEM CONTROL NUMBER
System control number 1240932
040 ## - CATALOGING SOURCE
Original cataloging agency DLC
Transcribing agency DLC
Modifying agency DLC
043 ## - GEOGRAPHIC AREA CODE
Geographic area code n-us---
050 00 - LIBRARY OF CONGRESS CALL NUMBER
Classification number HQ799.7
Item number .K46
082 00 - DEWEY DECIMAL CLASSIFICATION NUMBER
Classification number 301.63
Author Mark KEN
100 1# - MAIN ENTRY--PERSONAL NAME
Personal name Keniston, Kenneth.
9 (RLIN) 104735
245 10 - TITLE STATEMENT
Title Youth and dissent;
Remainder of title the rise of a new opposition.
Statement of responsibility, etc. Kenneth Keniston
250 ## - EDITION STATEMENT
Edition statement [1st ed.]
260 ## - PUBLICATION, DISTRIBUTION, ETC.
Place of publication, distribution, etc. New York,
Name of publisher, distributor, etc. Harcourt Brace Jovanovich, INC,
Date of publication, distribution, etc. [1971]
300 ## - PHYSICAL DESCRIPTION
Extent xii, 403 p.
Dimensions 25 cm.
336 ## - CONTENT TYPE
Content type term text
Content type code txt
Source rdacontent
337 ## - MEDIA TYPE
Media type term unmediated
Media type code n
Source rdamedia
338 ## - CARRIER TYPE
Carrier type term volume
Carrier type code nc
Source rdacarrier
650 #0 - SUBJECT ADDED ENTRY--TOPICAL TERM
Topical term or geographic name entry element Young adults
General subdivision Political activity
Geographic subdivision United States.
9 (RLIN) 133266
650 #0 - SUBJECT ADDED ENTRY--TOPICAL TERM
Topical term or geographic name entry element Alienation (Social psychology)
9 (RLIN) 33508
650 #0 - SUBJECT ADDED ENTRY--TOPICAL TERM
Topical term or geographic name entry element Radicalism
Geographic subdivision United States.
9 (RLIN) 91373
906 ## - LOCAL DATA ELEMENT F, LDF (RLIN)
a 7
b cbc
c orignew
d 2
e ncip
f 19
g y-gencatlg
942 ## - ADDED ENTRY ELEMENTS (KOHA)
Source of classification or shelving scheme
Koha item type Book
Holdings
Withdrawn status Lost status Source of classification or shelving scheme Damaged status Not for loan Permanent Location Current Location Date acquired Source of acquisition Total Checkouts Full call number Barcode Date last seen Price effective from Koha item type
          NUST Law School (NLS) NUST Law School (NLS) 02/16/2026 Donated by Mr. Salahuddin Khan Advocate Supreme Court of Pakistan   301.63 KEN NLSD-565 02/16/2026 02/16/2026 Book
© 2023 Central Library, National University of Sciences and Technology. All Rights Reserved.